| 000 | 00530nam a2200157 i 4500 | ||
|---|---|---|---|
| 001 | 62642 | ||
| 003 | ES-MaACL | ||
| 005 | 20230906164715.0 | ||
| 007 | t| | ||
| 008 | 031124s1954 sp ||||1| spa d | ||
| 100 | 1 |
_aFernández Casado, Carlos. _949558 |
|
| 245 | 1 | 0 |
_aHistoria documentada de los puentes de Madrid / _cCarlos Fernández Casado. |
| 260 |
_aMadrid : _bSección de Cultura e Información, _c1954 ( _fArtes Gráficas Municipales) |
||
| 300 |
_a26 p., 1 lám. : _bil. ; _c24 cm. |
||
| 852 |
_aES-MaACL _j1973-F-6 _bR.37360 |
||
| 999 |
_c62642 _d62642 |
||